[Event "Karl Mala Memorial op-A 17th"]
[Site "Frankfurt"]
[Date "2014.08.03"]
[Round "6"]
[White "Rutsatz, Mario"]
[Black "Cook, Thomas G"]
[Result "0-1"]
[WhiteElo "1975"]
[BlackElo "2122"]
[PlyCount "76"]
[EventDate "2014.07.31"]
[EventType "swiss"]
[EventRounds "7"]
[EventCountry "GER"]
[SourceTitle "EXT 2015"]
[Source "ChessBase"]
[SourceDate "2014.11.20"]
[SourceVersion "1"]
[SourceVersionDate "2014.11.20"]
[SourceQuality "1"]

1. d4 Nf6 2. c4 g6 3. Nc3 Bg7 4. Nf3 0-0 5. Bf4 d6 6. e3 c6 7. h3 a6 8. Be2 b5 9. 0-0 Bb7 10. Rc1 Nbd7 11. a3 Nb6 12. cxb5 axb5 13. Re1 Nbd5 14. Bh2 Nxc3 15. Rxc3 Nd5 16. Rc1 Qb6 17. e4 Nc7 18. Qd2 Rfd8 19. Qe3 Ra4 20. Bd1 Bxd4 21. Nxd4 Rxd4 22. e5 c5 23. exd6 exd6 24. Bb3 c4 25. Bc2 Qc6 26. Qg5 Re8 27. f3 Rd5 28. Qf6 Rd2 29. Be4 Qc5+ 30. Kh1 Qf2 31. Rg1 Bxe4 32. Rcf1 Qd4 33. fxe4 Qxf6 34. Rxf6 Re6 35. Rgf1 Rxf6 36. Rxf6 Ne8 37. Rf3 Rxb2 38. Bf4 Re2 0-1

[Event "IECC O-3763"]
[Site "IECC email"]
[Date "2013.08.20"]
[Round "?"]
[White "Cook, Thomas G"]
[Black "Kellaway, Ted"]
[Result "0-1"]
[WhiteElo "1163"]
[BlackElo "1154"]
[PlyCount "26"]
[EventDate "2013.??.??"]
[EventType "swiss (corr)"]
[EventRounds "2"]
[SourceTitle "Corr 2020"]
[Source "ChessBase"]
[SourceDate "2019.09.30"]
[SourceVersion "1"]
[SourceVersionDate "2019.09.30"]
[SourceQuality "1"]
[WhiteTeam "United States"]
[BlackTeam "South Africa"]
[WhiteTeamCountry "USA"]
[BlackTeamCountry "RSA"]

1. e4 e5 2. Nf3 Nc6 3. d4 exd4 4. Bc4 h6 5. c3 dxc3 6. 0-0 d6 7. Nxc3 a6 8. a4 Be7 9. Qb3 Be6 10. Bxe6 fxe6 11. Qxe6 Qd7 12. Qg6+ Kf8 13. e5 Qe8 0-1

[Event "IECC O-3555"]
[Site "IECC email"]
[Date "2012.12.16"]
[Round "?"]
[White "Cook, Thomas G"]
[Black "Phillips, David A"]
[Result "1/2-1/2"]
[WhiteElo "1162"]
[BlackElo "1247"]
[PlyCount "51"]
[EventDate "2012.??.??"]
[EventType "swiss (corr)"]
[EventRounds "2"]
[SourceTitle "Telechess CBM 165"]
[Source "ChessBase"]
[SourceDate "2015.03.11"]
[SourceVersion "1"]
[SourceVersionDate "2015.03.11"]
[SourceQuality "1"]
[WhiteTeam "US of America"]
[BlackTeam "England"]
[WhiteTeamCountry "USA"]
[BlackTeamCountry "ENG"]

1. e4 c5 2. d4 cxd4 3. c3 dxc3 4. Nxc3 e5 5. Nf3 d6 6. Bc4 Nf6 7. Qb3 Qe7 8. Ng5 Be6 9. Bxe6 fxe6 10. Qxe6 Nbd7 11. Nd5 Qxe6 12. Nc7+ Ke7 13. Ngxe6 Rc8 14. f3 h6 15. Be3 b6 16. 0-0 Ne8 17. Nxf8 Rxf8 18. Nd5+ Kd8 19. Rac1 Ndf6 20. Rxc8+ Kxc8 21. Ne7+ Kd7 22. Ng6 Rf7 23. Nh8 Rf8 24. Ng6 Rf7 25. Nh8 Re7 26. Ng6 1/2-1/2

[Event "IECC O-3524"]
[Site "IECC email"]
[Date "2012.10.10"]
[Round "?"]
[White "Gurgui, Dan Constantin"]
[Black "Cook, Thomas G"]
[Result "1-0"]
[WhiteElo "1278"]
[BlackElo "1173"]
[PlyCount "43"]
[EventDate "2012.??.??"]
[EventType "swiss (corr)"]
[EventRounds "2"]
[SourceTitle "Telechess CBM 165"]
[Source "ChessBase"]
[SourceDate "2015.03.11"]
[SourceVersion "1"]
[SourceVersionDate "2015.03.11"]
[SourceQuality "1"]
[BlackTeam "US of America"]
[BlackTeamCountry "USA"]

1. e4 d5 2. e5 c5 3. d4 Nc6 4. dxc5 Nxe5 5. Nc3 e6 6. Be3 Nf6 7. Nf3 Nc6 8. Bb5 Bd7 9. 0-0 Ne4 10. Nxe4 dxe4 11. Nd2 a6 12. Ba4 Qc7 13. Nxe4 Qe5 14. Qd3 0-0-0 15. f3 Be8 16. Qc3 Qc7 17. Rad1 Rxd1 18. Rxd1 Be7 19. Nd6+ Bxd6 20. cxd6 Qd8 21. Bxc6 Bxc6 22. d7+ 1-0

[Event "IECC O-3510"]
[Site "IECC email"]
[Date "2012.09.21"]
[Round "?"]
[White "Garau, Bernard"]
[Black "Cook, Thomas G"]
[Result "1/2-1/2"]
[WhiteElo "1441"]
[BlackElo "1154"]
[PlyCount "42"]
[EventDate "2012.??.??"]
[EventType "swiss (corr)"]
[EventRounds "2"]
[SourceTitle "Telechess CBM 165"]
[Source "ChessBase"]
[SourceDate "2015.03.11"]
[SourceVersion "1"]
[SourceVersionDate "2015.03.11"]
[SourceQuality "1"]
[WhiteTeam "France"]
[BlackTeam "US of America"]
[WhiteTeamCountry "FRA"]
[BlackTeamCountry "USA"]

1. e4 d5 2. exd5 Nf6 3. d4 Bg4 4. f3 Bf5 5. Bb5+ Nbd7 6. c4 e6 7. dxe6 Bxe6 8. d5 Bf5 9. Nc3 Bc5 10. Qe2+ Qe7 11. Bf4 0-0-0 12. 0-0-0 Qxe2 13. Ngxe2 Rhe8 14. Ng3 Bg6 15. Ba4 Be3+ 16. Bxe3 Rxe3 17. Rhe1 Rxe1 18. Rxe1 Re8 19. Rxe8+ Nxe8 20. Bc2 Bxc2 21. Kxc2 Nd6 1/2-1/2

[Event "IECC O-3498"]
[Site "IECC email"]
[Date "2012.09.12"]
[Round "?"]
[White "Hurley, Karen Jean"]
[Black "Cook, Thomas G"]
[Result "1/2-1/2"]
[WhiteElo "1296"]
[BlackElo "1147"]
[PlyCount "30"]
[EventDate "2012.??.??"]
[EventType "swiss (corr)"]
[EventRounds "2"]
[SourceTitle "Corr 2020"]
[Source "ChessBase"]
[SourceDate "2019.09.30"]
[SourceVersion "1"]
[SourceVersionDate "2019.09.30"]
[SourceQuality "1"]
[WhiteTeam "England"]
[BlackTeam "United States"]
[WhiteTeamCountry "ENG"]
[BlackTeamCountry "USA"]

1. e4 d5 2. exd5 Nf6 3. d4 Bg4 4. Be2 Bxe2 5. Nxe2 Qxd5 6. 0-0 Nc6 7. c3 0-0-0 8. Nd2 e6 9. Nf3 e5 10. Ng3 exd4 11. cxd4 Nxd4 12. Nxd4 Qxd4 13. Qf3 Qd5 14. Qxd5 Rxd5 15. Be3 Bc5 1/2-1/2

[Event "Eastern Class-ch 9th"]
[Site "USA"]
[Date "2000.??.??"]
[Round "3"]
[White "Cook, Thomas G"]
[Black "Smith, Bryan G"]
[Result "1-0"]
[WhiteElo "2050"]
[BlackElo "2270"]
[PlyCount "95"]
[EventDate "2000.??.??"]
[EventType "swiss"]
[EventRounds "5"]
[EventCountry "USA"]
[SourceTitle "EXT 2003"]
[Source "ChessBase"]
[SourceDate "2002.11.25"]
[SourceVersion "1"]
[SourceVersionDate "2002.11.25"]
[SourceQuality "1"]

1. d4 Nf6 2. Nf3 g6 3. c4 Bg7 4. Nc3 0-0 5. e4 d6 6. Be2 e5 7. 0-0 Nc6 8. d5 Ne7 9. Nd2 Ne8 10. b4 f5 11. c5 Kh8 12. Ba3 fxe4 13. Ndxe4 Nf5 14. Rb1 Nd4 15. Bc4 Bf5 16. f3 Bh6 17. Re1 Nf6 18. b5 Bxe4 19. Nxe4 Nxe4 20. Rxe4 Qg5 21. Be2 Rad8 22. c6 b6 23. Bc1 Qh5 24. Bxh6 Qxh6 25. a4 Rf5 26. Rb4 Rdf8 27. a5 Rh5 28. h3 Rh4 29. Rbxd4 Rxh3 30. gxh3 Qg5+ 31. Rg4 Qe3+ 32. Kg2 exd4 33. Qxd4+ Qxd4 34. Rxd4 bxa5 35. Ra4 Rf5 36. Bc4 Rf4 37. Bb3 Rxa4 38. Bxa4 Kg7 39. f4 Kf6 40. h4 h6 41. Kf3 Kf5 42. Bc2+ Kf6 43. Kg4 h5+ 44. Kf3 Kf7 45. Ke3 Kf6 46. Kd4 Kf7 47. Kc4 Kf6 48. Kb3 1-0

[Event "Southern New Hampshire op 60'"]
[Site "Merrimack"]
[Date "1999.06.12"]
[Round "2"]
[White "Curdo, John"]
[Black "Cook, Thomas G"]
[Result "1-0"]
[WhiteElo "2367"]
[BlackElo "2085"]
[PlyCount "55"]
[EventDate "1999.06.12"]
[EventType "swiss"]
[EventRounds "4"]
[EventCountry "USA"]
[SourceTitle "EXT 2004"]
[Source "ChessBase"]
[SourceDate "2003.11.25"]
[SourceVersion "1"]
[SourceVersionDate "2003.11.25"]
[SourceQuality "1"]

1. e4 c5 2. Nf3 g6 3. d4 cxd4 4. Qxd4 Nf6 5. Bb5 Nc6 6. Qa4 Bg7 7. Nc3 0-0 8. e5 Ne8 9. Bf4 Nc7 10. Be2 a6 11. Bg3 b5 12. Qh4 Ne6 13. 0-0 f5 14. exf6 Bxf6 15. Qe4 Bxc3 16. bxc3 d5 17. Qh4 Rf5 18. Nd4 Ncxd4 19. cxd4 g5 20. Qg4 Ng7 21. Bd3 h5 22. Qe2 Rf7 23. Bg6 Bg4 24. Bxf7+ Kxf7 25. f3 Bf5 26. Be5 Rc8 27. Rac1 Qa5 28. Bxg7 1-0

[Event "US Open-88"]
[Site "Portland"]
[Date "1987.08.13"]
[Round "11"]
[White "Braley, John"]
[Black "Cook, Thomas G"]
[Result "1/2-1/2"]
[WhiteElo "2260"]
[BlackElo "2135"]
[PlyCount "156"]
[EventDate "1987.08.02"]
[EventType "swiss"]
[EventRounds "12"]
[EventCountry "USA"]
[SourceTitle "EXT 1997"]
[Source "ChessBase"]
[SourceDate "1996.11.15"]
[SourceVersion "1"]
[SourceVersionDate "1996.11.15"]
[SourceQuality "1"]

1. e4 c5 2. d3 Nc6 3. g3 g6 4. Bg2 Bg7 5. Nc3 d6 6. Nh3 Nf6 7. Bd2 0-0 8. 0-0 Rb8 9. Qc1 Nd4 10. Bh6 Bxh6 11. Qxh6 Bxh3 12. Bxh3 Nxc2 13. Rac1 Nb4 14. Rcd1 Kh8 15. d4 cxd4 16. Rxd4 Nc6 17. Rd2 Qa5 18. Bg2 Ne5 19. Rc2 Ng8 20. Qe3 Rbc8 21. Rfc1 Rc6 22. Bh3 g5 23. f4 gxf4 24. gxf4 Ng6 25. Kh1 Nf6 26. Rg2 Qc5 27. Qxc5 Rxc5 28. Rf1 Nh5 29. Rgf2 Nf6 30. Re1 Rh5 31. Bf1 Rh4 32. f5 Ne5 33. h3 Rc8 34. Rfe2 a6 35. Re3 Rc5 36. Kg2 b5 37. a3 e6 38. Be2 exf5 39. exf5 Rf4 40. Rd1 Ne8 41. b4 Rc6 42. Nd5 Rxf5 43. Ne7 Rg5+ 44. Kf2 Rc2 45. Re4 Nf6 46. Red4 Nc6 47. Rf4 Nxe7 48. Rxf6 Re5 49. Re1 Rf5+ 50. Rxf5 Nxf5 51. Rd1 Ra2 52. Rd5 Ng3 53. Kxg3 Rxe2 54. a4 bxa4 55. Ra5 Re4 56. Rxa4 a5 57. Rxa5 Rxb4 58. Rd5 Rb6 59. Kg4 Rc6 60. Kf4 h6 61. Kg4 Kg7 62. h4 f6 63. h5 Kf7 64. Ra5 Rc4+ 65. Kg3 Rc7 66. Kf4 Ke6 67. Ra8 Rc4+ 68. Kg3 Kf5 69. Rg8 d5 70. Rd8 Ke4 71. Re8+ Kd3 72. Re6 f5 73. Rxh6 Kc2 74. Rd6 d4 75. h6 d3 76. h7 Rc8 77. Kf4 d2 78. Kxf5 d1Q 1/2-1/2